[Event "Noisiel 5th op"]
[Site "Noisiel"]
[Date "2020.02.19"]
[Round "7"]
[White "Macon, Arthur"]
[Black "Bellaiche, Elise"]
[Result "1-0"]
[WhiteElo "2343"]
[BlackElo "2033"]
[PlyCount "93"]
[EventDate "2020.02.15"]
[EventType "swiss"]
[EventRounds "9"]
[EventCountry "FRA"]

1. d4 d5 2. Nf3 Nf6 3. g3 c6 4. Bg2 Bf5 5. O-O e6 6. c4 Be7 7. Nc3 h6 8. Qb3
Qb6 9. c5 Qxb3 10. axb3 Na6 11. Ne5 Nb8 12. b4 Nbd7 13. Nxd7 Nxd7 14. b5 O-O
15. bxc6 bxc6 16. Ra6 Rfc8 17. b4 Bf6 18. e4 Bg6 19. Be3 e5 20. Rd1 dxe4 21.
Nxe4 exd4 22. Bxd4 Bxd4 23. Rxd4 Re8 24. Rxd7 Bxe4 25. Raxa7 Rxa7 26. Rxa7 Bxg2
27. Kxg2 Rb8 28. Ra4 Kf8 29. Kf3 Ke7 30. Ke4 Ke6 31. Kd4 Rd8+ 32. Kc4 Rd2 33.
Ra6 Kd7 34. Ra7+ Ke6 35. Rc7 Rc2+ 36. Kb3 Rxf2 37. Rxc6+ Kd7 38. Rd6+ Kc7 39.
b5 Rf1 40. Rd3 f5 41. Kc4 g5 42. b6+ Kc8 43. Kb5 f4 44. Kc6 Rb1 45. gxf4 gxf4
46. Rh3 Kd8 47. Kb7 1-0

[Event "Noisiel 5th op"]
[Site "Noisiel"]
[Date "2020.02.19"]
[Round "7"]
[White "Sahil, Tickoo"]
[Black "Dubourg, Pierrick"]
[Result "1/2-1/2"]
[WhiteElo "2275"]
[BlackElo "1965"]
[PlyCount "157"]
[EventDate "2020.02.15"]
[EventType "swiss"]
[EventRounds "9"]
[EventCountry "FRA"]

1. d4 Nf6 2. Bf4 d5 3. e3 e6 4. Nd2 c5 5. c3 Bd6 6. Bg3 Nc6 7. Ngf3 O-O 8. Bd3
Re8 9. Ne5 Ne7 10. f4 b6 11. Qf3 Bb7 12. Bf2 Nd7 13. Bh4 f5 14. g4 Rf8 15. gxf5
exf5 16. Rg1 Qe8 17. Ndc4 Bc7 18. Bxe7 Qxe7 19. Nxd7 Qxd7 20. Ne5 Bxe5 21. fxe5
Rf7 22. Qf4 Qe6 23. Rg3 Raf8 24. Kd2 g6 25. h4 Rg7 26. Rag1 Bc6 27. h5 Be8 28.
hxg6 Rxg6 29. Be2 Rxg3 30. Qxg3+ Bg6 31. Qf4 Kf7 32. Qh6 Rg8 33. Bh5 Rg7 34.
Qg5 Ke8 35. Rf1 Rf7 36. Rg1 Rg7 37. Rh1 Kd7 38. Bxg6 Qxg6 39. Qxg6 hxg6 40. Rh8
Ke6 41. Ke2 cxd4 42. cxd4 Rc7 43. Kd3 Rc1 44. Re8+ Kf7 45. Rd8 Rd1+ 46. Ke2 Rb1
47. Rd7+ Ke6 48. Rd6+ Kf7 49. b3 Rb2+ 50. Kf3 Rxa2 51. Rxd5 g5 52. Rd7+ Ke6 53.
Rd6+ Ke7 54. Rf6 g4+ 55. Kg3 Re2 56. Rxf5 Rxe3+ 57. Kxg4 Rxb3 58. d5 Rd3 59. e6
Kd6 60. Kg5 Re3 61. Rf8 Kxd5 62. Rd8+ Kc4 63. Kf6 a5 64. e7 b5 65. Rc8+ Kb4 66.
e8=Q Rxe8 67. Rxe8 a4 68. Re4+ Kb3 69. Ke5 a3 70. Kd4 a2 71. Re3+ Ka4 72. Re1
Ka3 73. Re3+ Ka4 74. Re1 b4 75. Kc4 b3 76. Re8 Ka3 77. Rf8 Kb2 78. Rf2+ Ka3 79.
Rf8 1/2-1/2

[Event "Noisiel 5th op"]
[Site "Noisiel"]
[Date "2020.02.19"]
[Round "7"]
[White "Mota, Pankit"]
[Black "Nair, Sanjeev"]
[Result "0-1"]
[WhiteElo "2048"]
[BlackElo "2175"]
[PlyCount "78"]
[EventDate "2020.02.15"]
[EventType "swiss"]
[EventRounds "9"]
[EventCountry "FRA"]

1. f4 c5 2. Nf3 Nc6 3. e3 g6 4. Be2 Bg7 5. O-O Nf6 6. d3 O-O 7. Qe1 d5 8. Nc3
b6 9. Bd2 Bb7 10. Qh4 e6 11. Rae1 d4 12. Nd1 Nd5 13. Ng5 h6 14. e4 hxg5 15.
fxg5 Ne3 16. Rf3 Ne5 17. Rh3 f5 18. Nxe3 dxe3 19. Bc3 Rf7 20. Qh7+ Kf8 21. Bxe5
Bxe5 22. Qxg6 Qd7 23. Rf1 Rg7 24. Qh5 f4 25. g3 Qf7 26. Qg4 Ke8 27. gxf4 Bxb2
28. f5 Kd7 29. fxe6+ Qxe6 30. Qh4 Kc7 31. Rg3 Rag8 32. Rf5 Be5 33. Rg2 Kb8 34.
Bg4 Qe7 35. Be2 Bc8 36. Bf3 Bd7 37. Qg4 e2 38. Kf2 e1=Q+ 39. Kxe1 Bxf5 0-1

[Event "Noisiel 5th op"]
[Site "Noisiel"]
[Date "2020.02.19"]
[Round "7"]
[White "Vinodh, Kumar B"]
[Black "Gherghinoiu, Lucas"]
[Result "1-0"]
[WhiteElo "2034"]
[BlackElo "2120"]
[PlyCount "79"]
[EventDate "2020.02.15"]
[EventType "swiss"]
[EventRounds "9"]
[EventCountry "FRA"]

1. b3 d5 2. Bb2 e6 3. e3 Nf6 4. f4 Be7 5. Nf3 O-O 6. Bd3 b6 7. Ne5 Bb7 8. O-O
Nbd7 9. Nc3 Nc5 10. Ne2 a6 11. Ng3 Nce4 12. Rf3 c5 13. Nf1 b5 14. Rh3 Rc8 15.
Ng3 g6 16. Qe1 Qd6 17. Bxe4 dxe4 18. Rd1 Qc7 19. Nh5 Nxh5 20. Rxh5 f6 21. Rxh7
Kxh7 22. Qh4+ Kg7 23. Qg4 fxe5 24. Bxe5+ Qxe5 25. fxe5 Rf5 26. d3 Rxe5 27. dxe4
Rd8 28. Rxd8 Bxd8 29. Qd1 Bg5 30. Qd7+ Kh6 31. Qxb7 Bxe3+ 32. Kf1 b4 33. Ke2
Bg1 34. h3 a5 35. Kf3 c4 36. Qb8 Rh5 37. Qh8+ Kg5 38. h4+ Kxh4 39. Qf6+ Rg5 40.
g3+ 1-0

[Event "Noisiel 5th op"]
[Site "Noisiel"]
[Date "2020.02.19"]
[Round "7"]
[White "Labrande, Theodore"]
[Black "Toure, Vasanth"]
[Result "1/2-1/2"]
[WhiteElo "2021"]
[BlackElo "2115"]
[PlyCount "181"]
[EventDate "2020.02.15"]
[EventType "swiss"]
[EventRounds "9"]
[EventCountry "FRA"]

1. e4 e5 2. Nf3 Nc6 3. Bc4 Bc5 4. c3 Nf6 5. d3 d6 6. O-O a6 7. Bb3 Ba7 8. Nbd2
O-O 9. h3 h6 10. Re1 Nh5 11. Nf1 Qf6 12. Ne3 Nf4 13. Nd5 Nxd5 14. exd5 Ne7 15.
Qe2 Nf5 16. Qe4 Bd7 17. Nh2 Ne7 18. Be3 c6 19. Ng4 Bxg4 20. hxg4 Bxe3 21. Rxe3
c5 22. Rf3 Qg6 23. Re1 Qxe4 24. dxe4 b5 25. c4 Nc8 26. a4 Nb6 27. axb5 axb5 28.
cxb5 Ra5 29. Bc2 Rxb5 30. Rb3 Rxb3 31. Bxb3 Ra8 32. Rc1 Ra5 33. Bc4 Kf8 34. f3
Ke7 35. Rc3 Kd7 36. Be2 Ra2 37. Bb5+ Kc7 38. b4 Rb2 39. bxc5 Nxd5 40. cxd6+
Kxd6 41. Rc6+ Ke7 42. exd5 Rxb5 43. Rc7+ Ke8 44. d6 Rd5 45. Re7+ Kf8 46. Rd7 g6
47. Rd8+ Kg7 48. Kf2 Kf6 49. Ke3 Ke6 50. Rh8 Rxd6 51. Rxh6 Ra6 52. Kf2 Ra2+ 53.
Kg3 Ra8 54. Rh1 f5 55. gxf5+ gxf5 56. Rh6+ Kd5 57. Rg6 Kd4 58. Rg5 Rf8 59. Kf2
e4 60. g3 Kd3 61. Rg7 e3+ 62. Ke1 Rd8 63. Ra7 Rg8 64. Rd7+ Kc4 65. Ke2 Rxg3 66.
Kxe3 Kc5 67. Rh7 Kd6 68. Kf4 Rg8 69. Kxf5 Rf8+ 70. Kg4 Ke6 71. Rh6+ Kf7 72. f4
Ra8 73. Kg5 Ra1 74. Rh7+ Kf8 75. Rb7 Ra6 76. f5 Rc6 77. Rb5 Kf7 78. Ra5 Rb6 79.
Ra7+ Kf8 80. Rh7 Ra6 81. Kf4 Rb6 82. Rd7 Ra6 83. Ke5 Rb6 84. Rd6 Rxd6 85. Kxd6
Kf7 86. Ke5 Ke7 87. f6+ Kf7 88. Kf5 Kf8 89. Ke6 Ke8 90. f7+ Kf8 91. Kf6 1/2-1/2

[Event "Noisiel 5th op"]
[Site "Noisiel"]
[Date "2020.02.19"]
[Round "7"]
[White "Houhou, Alexandre"]
[Black "Roebers, Eline"]
[Result "1/2-1/2"]
[WhiteElo "2014"]
[BlackElo "2129"]
[PlyCount "164"]
[EventDate "2020.02.15"]
[EventType "swiss"]
[EventRounds "9"]
[EventCountry "FRA"]

1. e4 c5 2. Nf3 Nc6 3. d4 cxd4 4. Nxd4 Nf6 5. Nc3 e5 6. Ndb5 d6 7. Bg5 a6 8.
Na3 b5 9. Nd5 Be7 10. Bxf6 Bxf6 11. c3 Ne7 12. Nc2 Nxd5 13. Qxd5 Rb8 14. Nb4
Bb7 15. Qd3 O-O 16. Be2 Bg5 17. Rd1 f5 18. Bf3 Qf6 19. Nd5 Qf7 20. exf5 Qxf5
21. O-O Qxd3 22. Rxd3 Rbc8 23. Be4 Bd8 24. Rfd1 Kh8 25. f3 Bxd5 26. Rxd5 Be7
27. Bd3 Rc5 28. Be2 Rxd5 29. Rxd5 Rb8 30. Kf2 Kg8 31. Ke3 Kf7 32. Ke4 Ke6 33.
c4 b4 34. b3 Bd8 35. c5 dxc5 36. Rxc5 Bf6 37. Rc6+ Ke7 38. Rxa6 Rd8 39. Bd3
Rd4+ 40. Ke3 h6 41. Rb6 Kd7 42. g3 Kc7 43. Ra6 Rd6 44. Ra5 Bg5+ 45. Ke2 Bf6 46.
h4 Rd4 47. Ke3 Rd6 48. Ra4 Rb6 49. Ke4 Kd6 50. Bc4 Kc5 51. Ra5+ Kd6 52. Bb5 Kc5
53. Ba4+ Kd6 54. Ra7 Ke6 55. f4 exf4 56. gxf4 Be7 57. Rd7 Rd6 58. Rb7 Rd1 59.
Bd7+ Kf6 60. Be8 Rd8 61. Bc6 Rd1 62. Bd5 Re1+ 63. Kf3 Rf1+ 64. Ke3 Bc5+ 65. Ke4
Re1+ 66. Kf3 Re7 67. Rb5 Re3+ 68. Kg4 g6 69. h5 gxh5+ 70. Kxh5 Bd6 71. Rb6 Kf5
72. Be4+ Rxe4 73. Rxd6 Re2 74. Kxh6 Kxf4 75. Ra6 Rg2 76. Kh5 Ke3 77. Ra4 Kd3
78. Rxb4 Rxa2 79. Kg4 Kc3 80. Rb8 Rb2 81. b4 Rxb4+ 82. Rxb4 Kxb4 1/2-1/2

[Event "Noisiel 5th op"]
[Site "Noisiel"]
[Date "2020.02.19"]
[Round "7"]
[White "Delmas Goyon, Francois"]
[Black "Helfer, Remi"]
[Result "1/2-1/2"]
[WhiteElo "1902"]
[BlackElo "2017"]
[PlyCount "47"]
[EventDate "2020.02.15"]
[EventType "swiss"]
[EventRounds "9"]
[EventCountry "FRA"]

1. e4 e5 2. Nf3 Nc6 3. Bb5 a6 4. Ba4 Nf6 5. Qe2 b5 6. Bb3 Be7 7. c3 O-O 8. O-O
d6 9. d4 Bg4 10. d5 Nb8 11. h3 Bh5 12. a4 Nbd7 13. axb5 axb5 14. Na3 Nxe4 15.
Qxe4 Nc5 16. Qc2 Bxf3 17. gxf3 Bg5 18. f4 exf4 19. f3 Qf6 20. Bd2 Bh4 21. Kh1
Rfe8 22. Nxb5 Rxa1 23. Rxa1 Bf2 24. Nxc7 1/2-1/2

[Event "Noisiel 5th op"]
[Site "Noisiel"]
[Date "2020.02.19"]
[Round "7"]
[White "Deodhar, Vrushali Umesh"]
[Black "Bouton, Christophe"]
[Result "1-0"]
[WhiteElo "1880"]
[BlackElo "2001"]
[PlyCount "51"]
[EventDate "2020.02.15"]
[EventType "swiss"]
[EventRounds "9"]
[EventCountry "FRA"]

1. c4 Nf6 2. Nc3 c5 3. Nf3 g6 4. d4 cxd4 5. Nxd4 Bg7 6. e4 d6 7. Be2 Nc6 8. Nc2
O-O 9. O-O Bd7 10. Ne3 Rc8 11. Rb1 a6 12. b3 Na7 13. Bb2 b5 14. Ncd5 Nxd5 15.
Nxd5 Bxb2 16. Rxb2 Be6 17. Nf4 Bd7 18. Rd2 bxc4 19. Bxc4 Qa5 20. Nd5 Rfe8 21.
e5 Rxc4 22. bxc4 Ba4 23. Qe1 dxe5 24. Rb2 Qxe1 25. Rxe1 Nc6 26. Nc3 1-0

[Event "Noisiel 5th op"]
[Site "Noisiel"]
[Date "2020.02.19"]
[Round "7"]
[White "Azymah, Remy"]
[Black "Yuan, Beline"]
[Result "1-0"]
[WhiteElo "1932"]
[BlackElo "1923"]
[PlyCount "69"]
[EventDate "2020.02.15"]
[EventType "swiss"]
[EventRounds "9"]
[EventCountry "FRA"]

1. e4 e6 2. d4 d5 3. Nc3 Bb4 4. e5 c5 5. a3 Bxc3+ 6. bxc3 Ne7 7. Qg4 Qc7 8. Bd3
cxd4 9. Qxg7 Rg8 10. Qf6 Nd7 11. Bb5 Qxc3+ 12. Ke2 Qxa1 13. Nf3 Qc3 14. Bd2
Qxc2 15. Rc1 Qg6 16. Nxd4 a6 17. Bb4 Qxf6 18. exf6 Ng6 19. h4 Nxh4 20. Bd6 Rg4
21. f4 Rxg2+ 22. Kd3 Rb2 23. Rg1 Ng6 24. f5 exf5 25. Ba4 Kd8 26. Rxg6 hxg6 27.
Ne6+ fxe6 28. f7 Nf8 29. Bxf8 Bd7 30. Bd6 Rb3+ 31. Ke2 Bxa4 32. f8=Q+ Kd7 33.
Qe7+ Kc6 34. Qc7+ Kb5 35. Qc5# 1-0

[Event "Noisiel 5th op"]
[Site "Noisiel"]
[Date "2020.02.19"]
[Round "7"]
[White "Brehaut, Carl"]
[Black "Mekhane, Adam"]
[Result "1/2-1/2"]
[WhiteElo "1918"]
[BlackElo "2021"]
[PlyCount "91"]
[EventDate "2020.02.15"]
[EventType "swiss"]
[EventRounds "9"]
[EventCountry "FRA"]

1. d4 Nf6 2. c4 g6 3. Nc3 Bg7 4. e4 d6 5. f4 O-O 6. Nf3 c5 7. d5 e6 8. Bd3 exd5
9. cxd5 b5 10. O-O c4 11. Bb1 b4 12. Ne2 Re8 13. Ng3 Ng4 14. Qc2 Qb6+ 15. Kh1
Ba6 16. h3 b3 17. Qd2 c3 18. bxc3 Bxf1 19. hxg4 Bc4 20. axb3 Qxb3 21. Nd4 Qb6
22. Bc2 a5 23. Rb1 Qd8 24. g5 Nd7 25. Ba4 Qc7 26. Bc6 Rab8 27. Ra1 Nc5 28. Bxe8
Rxe8 29. Rb1 Nxe4 30. Nxe4 Rxe4 31. Nc6 Re2 32. Qd1 Bxc3 33. Ba3 Qd7 34. Qc1
Re1+ 35. Qxe1 Bxe1 36. Rb8+ Kg7 37. Bb2+ f6 38. Bxf6+ Kf7 39. Nd8+ Qxd8 40.
Rxd8 Bxd5 41. Rd7+ Kg8 42. Rxd6 Bb3 43. Rd8+ Kf7 44. Rh8 Bd2 45. Rxh7+ Ke6 46.
g3 1/2-1/2

[Event "Noisiel 5th op"]
[Site "Noisiel"]
[Date "2020.02.19"]
[Round "7"]
[White "Noblecourt, Nicolas"]
[Black "Galan, Francois"]
[Result "0-1"]
[WhiteElo "1918"]
[BlackElo "2025"]
[PlyCount "98"]
[EventDate "2020.02.15"]
[EventType "swiss"]
[EventRounds "9"]
[EventCountry "FRA"]

1. Nf3 g6 2. g3 Bg7 3. Bg2 d6 4. c4 e5 5. Nc3 f5 6. d3 Nf6 7. Bd2 Nc6 8. Qc1 h6
9. e3 g5 10. h3 O-O 11. a3 a5 12. O-O Be6 13. Rb1 Qd7 14. h4 g4 15. Ne1 Nh5 16.
Nd5 Rf7 17. b4 axb4 18. axb4 Raf8 19. Nc2 b6 20. b5 Ne7 21. Nxe7+ Qxe7 22. Nb4
f4 23. exf4 exf4 24. Nd5 Qd8 25. Nxf4 Nxf4 26. Bxf4 Rxf4 27. gxf4 Bd4 28. f5
Qxh4 29. Qf4 Be5 30. Qxe5 dxe5 31. fxe6 Kg7 32. Rbe1 Qf6 33. Re4 h5 34. f3 g3
35. f4 Qh4 36. Rf3 Ra8 37. Kf1 Ra1+ 38. Re1 Rxe1+ 39. Kxe1 exf4 40. d4 Qf6 41.
d5 Qd4 42. Rf1 Kf6 43. Bf3 Qe3+ 44. Kd1 h4 45. Bg2 Qd4+ 46. Ke2 Qxc4+ 47. Kd2
Qd4+ 48. Ke2 Qe3+ 49. Kd1 Ke7 0-1

[Event "Noisiel 5th op"]
[Site "Noisiel"]
[Date "2020.02.19"]
[Round "7"]
[White "Dorval, Olivier"]
[Black "Olivier, Philippe"]
[Result "1/2-1/2"]
[WhiteElo "1883"]
[BlackElo "1919"]
[PlyCount "134"]
[EventDate "2020.02.15"]
[EventType "swiss"]
[EventRounds "9"]
[EventCountry "FRA"]

1. d4 Nf6 2. Bf4 g6 3. Nc3 Bg7 4. e4 d6 5. Qd2 c6 6. f3 Qa5 7. Bh6 Bxh6 8. Qxh6
b5 9. Bd3 b4 10. Nd1 Ba6 11. Ne2 b3+ 12. Ndc3 bxc2 13. Bxc2 Bxe2 14. Kxe2 Qa6+
15. Kf2 Qb6 16. Qd2 a5 17. Ba4 O-O 18. Rhd1 Na6 19. g3 Rab8 20. Rab1 c5 21. Kg2
cxd4 22. Qxd4 Qxd4 23. Rxd4 Rb4 24. Rxb4 axb4 25. Nd5 Nxd5 26. exd5 Nc5 27. Bc6
Rb8 28. Re1 Kf8 29. Re3 Rb6 30. h4 h6 31. g4 e5 32. Kg3 Ra6 33. a3 bxa3 34.
Rxa3 Ke7 35. Rxa6 Nxa6 36. Kf2 f5 37. Ke3 Kf6 38. Kd3 Nc5+ 39. Kc4 e4 40. fxe4
fxg4 41. Kd4 g3 42. Ke3 Ke5 43. Kf3 Na6 44. Be8 g5 45. hxg5 hxg5 46. Bg6 g2 47.
Kxg2 Kf4 48. Kf2 Nc5 49. Ke2 Nxe4 50. Kd3 Nc5+ 51. Kd4 g4 52. b4 Nd7 53. b5 g3
54. Be4 Nb6 55. Bg2 Na4 56. Kc4 Ke5 57. Kd3 Kf4 58. Kd4 Nb6 59. Be4 Nd7 60. Bh1
Kg4 61. Ke4 Nb6 62. Bf3+ Kh3 63. Kf5 g2 64. Bxg2+ Kxg2 65. Ke6 Nc4 66. b6 Nxb6
67. Kxd6 Nxd5 1/2-1/2

[Event "Noisiel 5th op"]
[Site "Noisiel"]
[Date "2020.02.19"]
[Round "8"]
[White "Mohammad, Nubairshah Shaikh"]
[Black "Gatineau, Yovann"]
[Result "1-0"]
[WhiteElo "2415"]
[BlackElo "2381"]
[PlyCount "169"]
[EventDate "2020.02.15"]
[EventType "swiss"]
[EventRounds "9"]
[EventCountry "FRA"]

1. d4 f5 2. Nf3 Nf6 3. Bf4 e6 4. e3 b6 5. Be2 Bb7 6. O-O Be7 7. h3 O-O 8. c4 d6
9. Nc3 Qe8 10. Ng5 Bd8 11. Bf3 Nc6 12. Nxe6 Qxe6 13. d5 Qd7 14. dxc6 Bxc6 15.
Rc1 Ne4 16. Nd5 Bf6 17. b4 Rae8 18. Qd3 Qf7 19. Rfe1 g5 20. Bh2 Be5 21. Re2 Qg6
22. Bxe5 Rxe5 23. g3 Rf7 24. Kh2 h5 25. Rg1 Rg7 26. Bh1 Bxd5 27. cxd5 Qf7 28.
Rd1 Qd7 29. Rg1 Ree7 30. Rc2 g4 31. h4 Qa4 32. Rb1 Rgf7 33. Bg2 Kf8 34. Kg1 Ke8
35. Rb3 Re5 36. Rcb2 Kf8 37. Bf1 Qe8 38. Ra3 c5 39. dxc6 Qxc6 40. Rc2 Qd5 41.
Qxd5 Rxd5 42. Rd3 Rxd3 43. Bxd3 Ke8 44. Rc8+ Kd7 45. Rh8 Nd2 46. Rxh5 Ke6 47.
Kg2 Nf3 48. Bc4+ d5 49. Rh6+ Ke5 50. Be2 Ne1+ 51. Kf1 Nc2 52. b5 Nb4 53. a3 Nc2
54. Rc6 Nxa3 55. Bd3 d4 56. Ke2 Kd5 57. Rc8 Re7 58. Kd2 dxe3+ 59. fxe3 a6 60.
bxa6 b5 61. Rb8 Ra7 62. Rb6 Nc4+ 63. Bxc4+ bxc4 64. Kc3 Re7 65. Rb5+ Kc6 66.
Rxf5 Rxe3+ 67. Kxc4 Kb6 68. Rb5+ Kxa6 69. Rb3 Re1 70. Kc5 Rg1 71. Kd4 Re1 72.
Re3 Rf1 73. Re4 Kb6 74. Rxg4 Kc6 75. h5 Kd6 76. h6 Rf8 77. Rg6+ Ke7 78. Kd5 Ra8
79. h7 Ra5+ 80. Ke4 Rh5 81. Ra6 Kf7 82. Ra8 Rxh7 83. Ra7+ Kg8 84. Rxh7 Kxh7 85.
Kf5 1-0

[Event "Noisiel 5th op"]
[Site "Noisiel"]
[Date "2020.02.19"]
[Round "8"]
[White "Maiorov, Nikita"]
[Black "Jonkman, Harmen"]
[Result "1-0"]
[WhiteElo "2506"]
[BlackElo "2385"]
[PlyCount "61"]
[EventDate "2020.02.15"]
[EventType "swiss"]
[EventRounds "9"]
[EventCountry "FRA"]

1. d4 d5 2. c4 dxc4 3. Nf3 a6 4. e3 e6 5. Bxc4 c5 6. O-O Nf6 7. Nc3 b5 8. Be2
Nbd7 9. d5 Nb6 10. dxe6 Bxe6 11. Ng5 Bc4 12. Bxc4 Nxc4 13. Qc2 Bd6 14. Rd1 Qb8
15. b3 Bxh2+ 16. Kh1 Ne5 17. Nce4 c4 18. Nd6+ Kf8 19. bxc4 h6 20. Nge4 Nfg4 21.
f4 Nxc4 22. Nxc4 bxc4 23. Rb1 Qc7 24. Nd6 Qc5 25. Ba3 Nf2+ 26. Qxf2 Qxa3 27.
Kxh2 c3 28. Qf3 Rd8 29. Qd5 Kg8 30. Qxf7+ Kh7 31. Rb7 1-0

[Event "Noisiel 5th op"]
[Site "Noisiel"]
[Date "2020.02.19"]
[Round "8"]
[White "Bailet, Pierre"]
[Black "Rostgaard, Tobias Valentin"]
[Result "1-0"]
[WhiteElo "2506"]
[BlackElo "2364"]
[PlyCount "89"]
[EventDate "2020.02.15"]
[EventType "swiss"]
[EventRounds "9"]
[EventCountry "FRA"]

1. e4 e5 2. Nf3 Nc6 3. Bb5 Nf6 4. d3 d6 5. O-O a6 6. Bxc6+ bxc6 7. d4 exd4 8.
Nxd4 Bd7 9. Qf3 Ng4 10. Nxc6 Nxh2 11. Qxf7+ Kxf7 12. Nxd8+ Rxd8 13. Kxh2 g6 14.
Bd2 Be7 15. Bc3 Rhf8 16. Nd2 g5 17. f3 Bb5 18. Rfe1 d5 19. a4 Bc6 20. exd5 Bxd5
21. Rxe7+ Kxe7 22. Bb4+ Kf6 23. Bxf8 Rxf8 24. Re1 Rb8 25. b3 Rb4 26. c3 Rb8 27.
b4 Bc6 28. Ne4+ Bxe4 29. Rxe4 c5 30. Kg3 h5 31. Rc4 cxb4 32. cxb4 Rb6 33. Kh3
Kg6 34. g4 Kh6 35. gxh5 Kxh5 36. Kg3 Rb8 37. Kf2 Rf8 38. b5 axb5 39. axb5 Rf5
40. Rb4 g4 41. f4 Kh4 42. b6 Rf8 43. b7 Rb8 44. Rb5 g3+ 45. Kf3 1-0

[Event "Noisiel 5th op"]
[Site "Noisiel"]
[Date "2020.02.19"]
[Round "8"]
[White "Gavasheli, Ana"]
[Black "Velten, Paul"]
[Result "0-1"]
[WhiteElo "2232"]
[BlackElo "2483"]
[PlyCount "92"]
[EventDate "2020.02.15"]
[EventType "swiss"]
[EventRounds "9"]
[EventCountry "FRA"]

1. d4 Nf6 2. c4 e6 3. e3 b6 4. Nf3 Bb7 5. Nbd2 d5 6. b3 Be7 7. Be2 O-O 8. O-O
Nbd7 9. Bb2 c5 10. Rc1 Rc8 11. dxc5 Nxc5 12. b4 Nce4 13. a3 Bd6 14. cxd5 Rxc1
15. Qxc1 Bxd5 16. Nxe4 Nxe4 17. Bc4 Bb7 18. Rd1 Qc7 19. Bd3 Qxc1 20. Rxc1 Rd8
21. Be2 a5 22. bxa5 bxa5 23. a4 Bb4 24. Rc7 Nc5 25. Bd4 Rc8 26. Rxc8+ Bxc8 27.
Bb5 f6 28. Bb2 e5 29. Bc1 Kf8 30. Bd2 Ke7 31. Kf1 Bd7 32. Ke2 Nxa4 33. Bxd7
Kxd7 34. Kd3 Bxd2 35. Nxd2 Kc6 36. f4 exf4 37. exf4 Kb5 38. g4 Kb4 39. g5 Nc5+
40. Kc2 f5 41. Nf1 g6 42. Ne3 a4 43. h4 Ne6 44. Nd5+ Kc4 45. Nf6 a3 46. h5 Nd4+
0-1

[Event "Noisiel 5th op"]
[Site "Noisiel"]
[Date "2020.02.19"]
[Round "8"]
[White "Shailesh, Dravid"]
[Black "Pozdnjakov, Viatcheslav"]
[Result "0-1"]
[WhiteElo "2269"]
[BlackElo "2295"]
[PlyCount "144"]
[EventDate "2020.02.15"]
[EventType "swiss"]
[EventRounds "9"]
[EventCountry "FRA"]

1. e4 e6 2. d4 d5 3. Nc3 Nf6 4. e5 Nfd7 5. f4 c5 6. Nf3 Nc6 7. Be3 cxd4 8. Nxd4
Qb6 9. a3 Bc5 10. Ncb5 Nxd4 11. Bxd4 Bxd4 12. Qxd4 Qxd4 13. Nxd4 Ke7 14. Bd3 f6
15. exf6+ gxf6 16. O-O-O Nc5 17. Rhe1 Kf7 18. b4 Nxd3+ 19. Rxd3 Bd7 20. Nb3 b6
21. f5 e5 22. Rxd5 Bxf5 23. Rf1 Kg6 24. Rd2 Rhf8 25. Rdf2 Be6 26. Nd2 Rae8 27.
Nf3 Bc4 28. Re1 Kg7 29. Nh4 Rd8 30. Nf5+ Kf7 31. Ng3 Ke6 32. Nh5 Rf7 33. g4 Rd4
34. h3 Bb5 35. Re3 Bc6 36. Re1 Bb5 37. Kb2 Rd6 38. Rf5 a6 39. Ng3 Rd5 40. Re3
Ke7 41. Ne4 Bd7 42. Rf2 Rd4 43. c3 Rd1 44. Ref3 Bc6 45. Rxf6 Rxf6 46. Nxf6 Rh1
47. Nxh7 Rxh3 48. Ng5 Rg3 49. Rf7+ Kd6 50. Rf6+ Kc7 51. Ne6+ Kd7 52. g5 Bd5 53.
Nf8+ Kc7 54. Rf5 Kd6 55. Rf6+ Kc7 56. g6 e4 57. Ne6+ Kd7 58. Nf4 Bc4 59. g7
Rxg7 60. Ng6 Kc7 61. Kc2 e3 62. Nh4 e2 63. Nf3 Rg1 64. a4 e1=Q 65. Nxe1 Rxe1
66. a5 bxa5 67. bxa5 Re5 68. Rf4 Rc5 69. Kb2 Kc6 70. Ka3 Kb5 71. Rf6 Kxa5 72.
Rf5 Rxf5 0-1

[Event "Noisiel 5th op"]
[Site "Noisiel"]
[Date "2020.02.19"]
[Round "8"]
[White "Terrieux, Kevin"]
[Black "Hansen, Mads"]
[Result "1-0"]
[WhiteElo "2453"]
[BlackElo "2394"]
[PlyCount "119"]
[EventDate "2020.02.15"]
[EventType "swiss"]
[EventRounds "9"]
[EventCountry "FRA"]

1. d4 d5 2. Nc3 Nf6 3. Bf4 c5 4. e3 cxd4 5. exd4 a6 6. Nf3 Nc6 7. Ne5 Bf5 8. g4
Nxe5 9. gxf5 Nc4 10. Bxc4 dxc4 11. Qf3 Qd7 12. Be5 O-O-O 13. Bxf6 exf6 14.
O-O-O Bb4 15. Ne4 Rhe8 16. c3 Qd5 17. Rde1 Bd6 18. Nxd6+ Qxd6 19. Re3 g5 20. h3
h5 21. Rhe1 Rxe3 22. fxe3 h4 23. Re2 Re8 24. Kd2 Re5 25. Ke1 Ra5 26. a3 Rb5 27.
Kf1 Qb6 28. Qf2 Qa5 29. e4 Qa4 30. Rd2 Qb3 31. Kg2 Qa2 32. Qe2 Kd8 33. Kf3 Qb1
34. Kg4 Qg1+ 35. Kh5 Rb6 36. Kh6 Qg3 37. Qg2 Qf4 38. Rf2 Qd6 39. Kh5 Ke7 40.
Qh2 Qd8 41. Re2 Rc6 42. e5 Kf8 43. Qg2 Qd7 44. Qe4 Rb6 45. e6 fxe6 46. fxe6
Qe8+ 47. Kh6 Qe7 48. d5 Rd6 49. Rf2 Qg7+ 50. Kh5 g4 51. Qf5 gxh3 52. Kxh4 Qh6+
53. Kg3 Ke7 54. Kh2 b5 55. Re2 Qh4 56. Re4 Qh6 57. Qf2 Rxd5 58. Qa7+ Kd6 59.
Qd7+ Kc5 60. Qc7# 1-0

[Event "Noisiel 5th op"]
[Site "Noisiel"]
[Date "2020.02.19"]
[Round "8"]
[White "Popov, Konstantin"]
[Black "Moreby, James"]
[Result "1/2-1/2"]
[WhiteElo "2391"]
[BlackElo "2235"]
[PlyCount "50"]
[EventDate "2020.02.15"]
[EventType "swiss"]
[EventRounds "9"]
[EventCountry "FRA"]

1. d4 Nf6 2. c4 e6 3. Nc3 Bb4 4. e3 b6 5. Nge2 Ne4 6. Qc2 Bb7 7. a3 Bxc3+ 8.
Nxc3 Nxc3 9. bxc3 O-O 10. Bd3 f5 11. O-O Qf6 12. f3 d6 13. e4 f4 14. e5 dxe5
15. Bxh7+ Kh8 16. Be4 Nc6 17. Bb2 Na5 18. Bxb7 Nxb7 19. Rae1 exd4 20. cxd4 Qf7
21. Re5 Nd6 22. Rg5 Nf5 23. d5 Rae8 24. Qc3 Qf6 25. Rh5+ Kg8 1/2-1/2

[Event "Noisiel 5th op"]
[Site "Noisiel"]
[Date "2020.02.19"]
[Round "8"]
[White "Ivanov, Mikhail M"]
[Black "Mohite, Ranveer"]
[Result "0-1"]
[WhiteElo "2353"]
[BlackElo "2231"]
[PlyCount "128"]
[EventDate "2020.02.15"]
[EventType "swiss"]
[EventRounds "9"]
[EventCountry "FRA"]

1. Nf3 Nf6 2. g3 g6 3. b3 Bg7 4. Bb2 O-O 5. Bg2 d5 6. c4 c6 7. d3 Bg4 8. Nbd2
Nbd7 9. O-O Bxf3 10. Nxf3 e6 11. Qc2 Qe7 12. a3 a5 13. Rfc1 Rfd8 14. Bc3 Ne8
15. Bxg7 Kxg7 16. Qc3+ Kg8 17. h4 Nd6 18. Bh3 Rdc8 19. Ra2 Qf8 20. Rac2 Qd8 21.
Qd4 Qe7 22. Qf4 Rd8 23. h5 Nf6 24. Qg5 Re8 25. h6 Nd7 26. Qd2 f6 27. Qc3 Nf8
28. Nh2 Nf7 29. Ng4 Nd7 30. cxd5 exd5 31. e4 dxe4 32. dxe4 Nde5 33. Nxe5 Qxe5
34. Rd2 Qxc3 35. Rxc3 Re7 36. a4 Nxh6 37. Rd6 Kg7 38. Bg2 Nf7 39. Rd4 h5 40. f4
Rd8 41. Rxd8 Nxd8 42. Rc5 b6 43. Rc3 Rd7 44. e5 fxe5 45. fxe5 Re7 46. Rd3 Nf7
47. Bxc6 Nxe5 48. Rd6 Nxc6 49. Rxc6 Re3 50. Rxb6 Rxg3+ 51. Kf2 Rc3 52. Kg2 Kh6
53. Rb5 h4 54. Rxa5 Rxb3 55. Rb5 Ra3 56. a5 g5 57. Rb6+ Kh5 58. a6 h3+ 59. Kh2
Kh4 60. Rh6+ Kg4 61. Rb6 Ra2+ 62. Kh1 Kg3 63. Rb3+ Kh4 64. Rb6 g4 0-1

[Event "Noisiel 5th op"]
[Site "Noisiel"]
[Date "2020.02.19"]
[Round "8"]
[White "Parnali, S Dharia"]
[Black "Bassini, Emile"]
[Result "1/2-1/2"]
[WhiteElo "2275"]
[BlackElo "2244"]
[PlyCount "53"]
[EventDate "2020.02.15"]
[EventType "swiss"]
[EventRounds "9"]
[EventCountry "FRA"]

1. d4 Nf6 2. c4 e6 3. g3 d5 4. Nf3 dxc4 5. Bg2 Bd7 6. Ne5 Bc6 7. Nxc6 Nxc6 8.
O-O Qd7 9. Nc3 O-O-O 10. Qa4 Kb8 11. e3 h5 12. Qxc4 h4 13. Rb1 Nd5 14. Bd2 hxg3
15. hxg3 f5 16. Rfc1 g5 17. Ne2 e5 18. dxe5 Nb6 19. Bxc6 Qxd2 20. Qf7 bxc6 21.
Nd4 Rd7 22. Qe8+ Kb7 23. e6 Rdh7 24. Qxc6+ Kb8 25. Qe8+ Kb7 26. Qc6+ Kb8 27.
Qe8+ 1/2-1/2